Name The Volvo - Statistics

General Stats
  • This quiz has been taken 137 times
  • The average score is 5 of 12
Answer Stats
Picture Answer % Correct
XC90
88%
V90
75%
XC70
74%
V40
63%
C30
59%
P1800
57%
PV544
19%
262C
13%
OV4
13%
66
11%
960 Estate
9%
P120 Amazon
4%
No matching quizzes found
Score Distribution
Percent of People with Each Score
Percentile by Number Answered
Your Score History
You have not taken this quiz